Biggest Cities in Chile - Statistics

General Stats
  • This quiz has been taken 33 times
  • The average score is 8 of 20
Answer Stats
Population City % Correct
6.200.000 Santiago de Chile
100%
720.000 Concepción
71%
350.000 Antofagasta
68%
900.000 Valparaíso
65%
300.000 Iquique
45%
150.000 Valdivia
45%
400.000 La Serena
42%
170.000 Puerto Montt
42%
125.000 Punta Arenas
42%
280.000 Temuco
39%
200.000 Arica
35%
140.000 Los Ángeles
35%
240.000 Talca
35%
190.000 Chillán
26%
290.000 Rancagua
26%
160.000 Calama
23%
150.000 Copiapó
23%
130.000 Curicó
16%
150.000 Quillota
10%
150.000 Osomo
0%
No matching quizzes found
Score Distribution
Percent of People with Each Score
Percentile by Number Answered
Your Score History
You have not taken this quiz